Rubber goods manufacturing industry in natural rubber producing countries : Recent developments (Record no. 67626)

MARC details
000 -LEADER
fixed length control field 00374nam a2200121Ia 4500
100 ## - MAIN ENTRY--AUTHOR NAME
Personal name Lalithambika J
245 #0 - TITLE STATEMENT
Title Rubber goods manufacturing industry in natural rubber producing countries : Recent developments
260 ## - PUBLICATION, DISTRIBUTION, ETC. (IMPRINT)
Name of publisher Rubber Board Bulletin
Year of publication 1993
300 ## - PHYSICAL DESCRIPTION
Number of Pages 4-Feb
650 ## - SUBJECT ADDED ENTRY--TOPICAL TERM
Topical Term Rubber goods industry
942 ## - ADDED ENTRY ELEMENTS (KOHA)
Koha item type Journals
Holdings
Withdrawn status Lost status Damaged status Not for loan Home library Current library Shelving location Date acquired Serial Enumeration / chronology Koha item type
      Journals RRII Library RRII Library Agricultural economics 17/12/2021 Volume 27, Issue 1 Journals